| 000 | 00710pam a2200217 a 4500 | ||
|---|---|---|---|
| 020 | _a0140091521 : | ||
| 040 | _cDLC | ||
| 082 | 0 | 0 | _a650 PEN 1989 A105 Or. |
| 100 | 1 | _aCiabattari, Jane. | |
| 245 | 1 | 0 |
_aWinning moves : _bhow to come out ahead in a corporate shakeup / |
| 260 |
_aNew York, N.Y., U.S.A. : _bPenguin Books, _c1989, c1988. |
||
| 300 |
_axxiv, 327 p. ; _c20 cm. |
||
| 500 | _aReprint. Originally published: New York : Rawson Associates, c1988. | ||
| 500 | _aIncludes index. | ||
| 650 | 0 | _aOffice politics. | |
| 650 | 0 | _aCareer development. | |
| 650 | 0 | _aOrganizational change. | |
| 650 | 0 | _aConsolidation and merger of corporations. | |
| 650 | 0 | _aCorporate reorganizations. | |
| 942 | _cEK | ||
| 999 |
_c16145 _d16145 |
||